00741cam a2200193 a 450000100100000000500170001000800410002704000220006808200150009010000810010524500920018626000940027830000250037249000240039749000290042165000170045070000280046783000520049500000575020240418073804.0750721s1965 uy 001 0 spa  aDO-SdBNPcFUdDLC a301bM385e1 aMartínez, Martín C.q(Martín Casimiro Martínez Fagalde),d1859-1946.10aEscritos sociológicos, 1881-1885 /cMartín C. Martínez ; Prólogo, Arturo Ardao. aMontevideo, Uruguay :bMinisterio de Instrucción Pública y Previsión Social,c1965. axx, 176 p. ;c20 cm.0 aBiblioteca Artigas.0 aClásicos uruguayosv78 0aSociología1 aArdao, Arturo,epról. 0aBiblioteca ArtigaspClásicos uruguayos ;v78.